Lana Del Rey- Yosemite (All Lyrics) - Statistics

General Stats
  • This quiz has been taken 76 times
  • The average score is 244 of 303
Answer Stats
Lyrics % Correct
I
100%
You
100%
you,
100%
you
100%
it
98%
the
98%
The
98%
we
98%
We
98%
But
91%
change
91%
Seasons
91%
seasons
91%
did
89%
may
89%
me
89%
for
87%
fun,
87%
No
87%
no
87%
when
87%
When
87%
won't
87%
free
85%
how
85%
How
85%
"How
85%
is
85%
Isn't
85%
reasons
85%
right
85%
Right
85%
do
83%
not
83%
Not
83%
I'm
81%
like
81%
Like
81%
in
79%
that
79%
was
79%
Was
79%
all?
77%
all
77%
at
77%
make
77%
to
77%
will
77%
feel
74%
It's
74%
spring
74%
Spring
74%
Winter
74%
fall
72%
nothing
72%
strange
72%
Then
72%
already?
70%
are
70%
back
70%
before
70%
before,
70%
candle
70%
from
70%
from?"
70%
Just
70%
just
70%
know
70%
of
70%
sweet
70%
wind
70%
wind?
70%
changes
68%
cool
68%
different
68%
invincible
68%
more
66%
our
66%
turn
66%
wanted
66%
both
64%
burning
64%
changes,
64%
ends
64%
Honey,
64%
invisible
64%
poems
64%
world,
64%
friends?
62%
here
62%
thing
62%
we'll
62%
and
60%
only
60%
watching
60%
made
57%
My
57%
pages
57%
remember
57%
burned
55%
came
55%
Now
55%
Television
55%
Green
53%
Valley
53%
canyon
51%
overwhelming
51%
quite
51%
because
49%
deep
49%
static
49%
thinking
49%
young
49%
candles
47%
eternity
45%
showed
45%
up
45%
'til
43%
We've
43%
we've
43%
done
40%
cabin
38%
I'll
38%
time,
28%
Withstanding
23%
No matching quizzes found
Score Distribution
Percent of People with Each Score
Percentile by Number Answered
Your Score History
You have not taken this quiz